| 000 | 00736nas a2200253 i 4500 | ||
|---|---|---|---|
| 001 | 1517 | ||
| 003 | ES-MaACL | ||
| 005 | 20250721062535.0 | ||
| 007 | t| | ||
| 008 | 950801d1908 sp | | 1 ||pa d | ||
| 022 | _a2478-9054 | ||
| 080 | _a368.032.2 | ||
| 245 | 0 | 0 |
_aMutualidad _b: revista econónomico-social / _cdir. José Manuel de Bayo. |
| 260 |
_aMadrid : _b[Mutualidad], _c1908. |
||
| 300 |
_a1 v. : _bil. ; _c23 cm. |
||
| 310 | _aMensual | ||
| 362 | 0 | _aAño 1, n. 1 (en. 1908)- (1908?) | |
| 650 | 1 | 7 |
_aEconomía _2embne _912006 |
| 650 | 4 |
_aMutualidades- _zEspaña. _9162717 |
|
| 700 | 1 |
_aBayo, José Manuel de, _edir. _9194224 |
|
| 852 |
_aES-MaACL _jHEM-D-81 _xHem-1272 _d |
||
| 866 | 0 | _o1908 | |
| 999 |
_c1517 _d1517 |
||